LIBRARY ONLINE CATALOGUE

Entrepreneurship & SME development : (Record no. 15128)

MARC details
000 -LEADER
fixed length control field 00958cam a22002292 4500
001 - CONTROL NUMBER
control field 0000012928
005 - DATE AND TIME OF LATEST TRANSACTION
control field 20151217161144.0
008 - FIXED-LENGTH DATA ELEMENTS--GENERAL INFORMATION
fixed length control field 090504s xx 000 0 eng d
020 ## - INTERNATIONAL STANDARD BOOK NUMBER
International Standard Book Number 1900862700 :
Terms of availability KES 650
040 ## - CATALOGING SOURCE
Original cataloging agency KABU
Transcribing agency KABU
111 2# - MAIN ENTRY--MEETING NAME
Meeting name or jurisdiction name as entry element Institute for Small Business Affairs Conference
Location of meeting Newcastle Gateshead, U. K :
Date of meeting 2004 Nov. 2nd - 4th :
Number of part/section/meeting 27th.
-- 0000159414
245 10 - TITLE STATEMENT
Title Entrepreneurship & SME development :
Remainder of title creating opportunities: entrepreneurship & SME development in education, policy & research /
Statement of responsibility, etc. compiled by Margaret Hall.
250 ## - EDITION STATEMENT
Edition statement ed.
260 ## - PUBLICATION, DISTRIBUTION, ETC. (IMPRINT)
Place of publication, distribution, etc. Wetherby, U. K :
Name of publisher, distributor, etc. Institute for Small Business Affairs (ISBA),
Date of publication, distribution, etc. 2004.
300 ## - PHYSICAL DESCRIPTION
Extent 2 v ;
Dimensions cm.
500 ## - GENERAL NOTE
General note Coference proceedings. - Library has v. 1 Refered papers.
650 #0 - SUBJECT ADDED ENTRY--TOPICAL TERM
Topical term or geographic name as entry element Intrepreneurship
Form subdivision Conferences.
-- 0000169940
700 1# - ADDED ENTRY--PERSONAL NAME
Personal name Hall, Margaret.
-- 0000169939
908 ## - PUT COMMAND PARAMETER (RLIN)
Put command parameter 090504
950 ## - LOCAL HOLDINGS (RLIN)
-- 1
Holdings
Withdrawn status Lost status Source of classification or shelving scheme Not for loan Home library Current library Date acquired Total Checkouts Full call number Barcode Date last seen Price effective from Koha item type
    Library of Congress Classification Not For Loan Kabarak, Main Campus Kabarak, Main Campus 17/12/2015   HB615 .I57 2004 v. 1 c. 1 17477 17/12/2015 17/12/2015 Reference